000 00470nam a2200181 i 4500
001 67184
003 ES-MaACL
005 20230906170006.0
007 t|
008 040511s1991 sp ||||1| spa d
020 _a84-404-9011-9
080 _a821.134.2(85)-14"19"
100 1 _aChirinos, Eduardo.
_938554
245 1 0 _aRecuerda, cuerpo.
260 _aMadrid :
_bEdiciones del Tapir,
_c1991.
300 _a43 p. ;
_c20 cm.
852 _aES-MaACL
_j2176-F-10
_bR.132490
999 _c67184
_d67184